Shadow European economic policy committee (SEEPC) policy statement and position papers
Salvato in:
| Natura: | Libro |
|---|---|
| Lingua: | inglese |
| Pubblicazione: |
Rochester
Graduate School of management
1979
|
| Tags: |
Nessun Tag, puoi essere il primo ad aggiungerne!!
|
MARC
| LEADER | 00000nam a2200000 4500 | ||
|---|---|---|---|
| 001 | c142539 | ||
| 005 | 20041019155325.1 | ||
| 041 | 0 | |a eng | |
| 044 | |a US | ||
| 245 | 1 | 0 | |a Shadow European economic policy committee (SEEPC) |b policy statement and position papers |
| 264 | 1 | |a Rochester |b Graduate School of management |c 1979 | |
| 300 | |a 202 s. | ||